书目信息 |
| 题名: |
农村审计
|
|
| 作者: | 吕晓杰 编写 | |
| 分册: | ||
| 出版信息: | 北京 农业出版社 2000.08 |
|
| 页数: | 218页 | |
| 开本: | 20cm | |
| 丛书名: | ||
| 单 册: | ||
| 中图分类: | F239.61-43 | |
| 科图分类: | ||
| 主题词: | 审计 | |
| 电子资源: | ||
| ISBN: | 7-109-05756-9 | |
| 000 | 00538nam0 2200193 45 | |
| 001 | 0337576917 | |
| 005 | 2003092610261562 | |
| 010 | @a7-109-05756-9@dRMB 10.80 | |
| 100 | @a20030926d2000 km y0chiy0120 ea | |
| 101 | 0 | @achi |
| 102 | @aCN@b110000 | |
| 200 | 1 | @a农村审计@Anong cun shen ji@f吕晓杰等编写@Flu xiao jie deng bian xie |
| 210 | @a北京@c农业出版社@d2000.08 | |
| 215 | @a218页@d20cm | |
| 606 | 0 | @a审计 |
| 690 | @aF239.61-43@v3 | |
| 701 | 0 | @a吕晓杰@Alu xiao jie@4编写 |
| 801 | 0 | @aCN@bPFT@c20030926 |
| 905 | @aBZT@dF239.61-43@e1@f8 | |
| 农村审计/吕晓杰等编写.-北京:农业出版社,2000.08 |
| 218页;20cm |
| ISBN 7-109-05756-9:RMB 10.80 |
| ● |
| 相关链接 |
|
|
|
正题名:农村审计
索取号:F239.61-43/1
 
预约/预借
| 序号 | 登录号 | 条形码 | 馆藏地/架位号 | 状态 | 备注 |